Sports Quiz

Random Sports or NFL Quiz

Top 5 Single Season Receiving Yds By Franchise Quiz Stats

Quiz not verified by Sporcle

Teams are listed under their current franchise. Receiving yards could have been accumulated while franchise was under a different name. Defunct franchises are not accounted for. AFL and AAFC season are accounted for.
Score 0/160 Timer 17:00
0 Plays Today
% Correct
Chad Ochocinco
96.5%
Calvin Johnson
96.3%
Andre Johnson
96.3%
Keyshawn Johnson
96.1%
Keyshawn Johnson
96.1%
Steve Smith
96.1%
Steve Smith
96.1%
Kevin Johnson
96%
Rod Smith
95.9%
Jimmy Smith
95.8%
Larry Fitzgerald
95.3%
Roddy White
93.1%
Randy Moss
92.8%
Randy Moss
92.8%
Santana Moss
92.6%
Jerry Rice
90.9%
Jerry Rice
90.9%
Sidney Rice
90.7%
Terrell Owens
89.3%
Terrell Owens
89.3%
Terrell Owens
89.3%
Marvin Harrison
88.5%
Anquan Boldin
88.3%
Reggie Wayne
87.3%
Hines Ward
84.8%
Torry Holt
84.4%
Wes Welker
82.1%
Isaac Bruce
81.2%
Tim Brown
80.4%
Troy Brown
80.3%
Eddie Brown
80.3%
Charlie Brown
80.3%
Marques Colston
80.1%
Michael Irvin
79%
Derrick Mason
78.4%
Derrick Mason
78.4%
Darrell Jackson
77.5%
Michael Jackson
77.5%
Miles Austin
76.8%
Roy E. Williams
76.4%
Matt Jones
75.2%
Homer Jones
75.2%
Joe Horn
74.7%
Brandon Marshall
74.4%
Cris Carter
74.2%
Anthony Carter
74.1%
Muhsin Muhammad
73.1%
Dwayne Bowe
73%
Plaxico Burress
72.7%
Plaxico Burress
72.7%
Sterling Sharpe
71.8%
Lee Evans
71.3%
Tony Gonzalez
70.9%
Braylon Edwards
69.8%
% Correct
Andre Reed
69.4%
Jake Reed
69.3%
Amani Toomer
67.7%
Kellen Winslow Jr.
65.9%
Kellen Winslow
65.8%
Brandon Lloyd
64.8%
Mark Clayton
64.3%
Mark Clayton
64.3%
Michael Clayton
64.2%
David Boston
64.1%
Herman Moore
62.8%
Rob Moore
62.7%
T.J. Houshmandzadeh
62.7%
Eric Moulds
60.9%
Jason Witten
60.2%
Antonio Freeman
59.8%
Javon Walker
59.6%
Steve Largent
57.9%
Dwight Clark
55.9%
Mike Thomas
53.3%
Owen Daniels
52.3%
Art Monk
51.3%
Keenan McCardell
50.8%
Kevin Walter
50.2%
Andre Rison
49.7%
Chris Chambers
48.8%
Mark Duper
48.7%
Antonio Bryant
47.5%
Joey Galloway
46.7%
Roy Green
46.4%
Laveranues Coles
46.1%
John Stallworth
44.5%
Otis Taylor
44.4%
Ed McCaffrey
42.4%
Frank Lewis
41.8%
Marty Booker
41.5%
Peerless Price
40.9%
Mike Sims-Walker
40.1%
Flipper Anderson
39.9%
Koren Robinson
38.7%
Marcus Robinson
38.7%
Irving Fryar
37.8%
Irving Fryar
37.8%
Terance Mathis
35%
Lance Alworth
34.9%
James Lofton
34.3%
Robert Brooks
33.6%
Bill Brooks
33.5%
Harlon Hill
32.9%
Derrick Alexander
31.6%
Derrick Alexander
31.6%
Don Maynard
30.6%
Drew Bennett
30.5%
Al Toon
27%
% Correct
Anthony Miller
26.4%
Carl Pickens
25.6%
Eric Martin
25%
Tony Martin
25%
Bobby Engram
24.4%
Qadry Ismail
24.3%
Rocket Ismail
24.3%
Raymond Berry
24%
Stanley Morgan
23.9%
John Jefferson
23.4%
Henry Ellard
23.4%
Yancey Thigpen
22.5%
Ben Coates
21%
Bob Hayes
20.9%
Roger Carr
20.9%
Mike Quick
20.1%
Patrick Jeffers
19.4%
Gene A. Washington
19.3%
Brett Perriman
18.5%
Webster Slaughter
17.6%
Jeff Graham
17.5%
Johnny Morris
17.1%
Bobby Mitchell
16.1%
Alfred Jenkins
15.8%
O.J. McDuffie
15.2%
Wes Chandler
15%
Mark Carrier
14.8%
Mark Carrier
14.8%
Elroy Hirsch
13.2%
Jabar Gaffney
12%
Haywood Jeffires
11.7%
Eric Metcalf
11.1%
Steve Watson
9.7%
Brian Blades
8.7%
Charley Hennigan
8.6%
Todd Christensen
8.1%
Tim McGee
7.6%
Warren Wells
6.4%
Carlos Carson
6.3%
Germane Crowell
6.3%
Corey Bradford
5%
George Sauer
4.7%
Quinn Early
4.3%
Art Powell
4%
Ben Hawkins
3%
Mac Speedie
2.8%
Pete Retzlaff
2.5%
Del Shofner
2.3%
Buddy Dial
2%
Bill Groman
1.8%
Dave Parks
1.7%
Bob Boyd
0.9%

You're not logged in!

Compare scores with friends on all Sporcle quizzes.
Join for Free
OR
Log In

You Might Also Like...

Show Comments

Extras

Top Quizzes Today


Score Distribution

Your Account Isn't Verified!

In order to create a playlist on Sporcle, you need to verify the email address you used during registration. Go to your Sporcle Settings to finish the process.

Report this User

Report this user for behavior that violates our Community Guidelines.

Details: